000 00735nam a2200241 i 4500
001 bg
245 0 0 _aRachunkowość finansowa przedsiębiorstw :
_bpraca zbiorowa /
_cpod red. Kazimierza Sawickiego ; [aut. rozdz. Anna Buczkowska et al.].
250 _aWyd.2.
260 _aWrocław :
_b"Ekspert",
_c1997.
300 _a281, [3] s. ;
_c24 cm.
650 9 _aPrzedsiębiorstwo
_xfinanse
650 9 _aRachunkowość
655 _aPodręczniki akademickie
700 1 _aSawicki, Kazimierz
_d(1926- ).
_eRed.
700 1 _aBuczkowska, Anna.
020 _a8390536838
040 _cBPK
041 0 _apl
080 _a657:658.14/.17](075.8)
920 _a83-905368-3-8
942 _cKS
008 s pl f |000 0 pol
999 _c25323
_d25323
856 _uhttp://koha.tu.koszalin.pl/cgi-bin/koha/opac-detail.pl?biblionumber=25323
_yKatalog online BPK